|
|
|
|
| LEADER |
02102nam a2200541 i 4500 |
| 001 |
nkc20213305731 |
| 003 |
CZ PrNK |
| 005 |
20210802160714.0 |
| 007 |
ta |
| 008 |
210204s2021 xr f 001 0 cze |
| 015 |
|
|
|a cnb003305731
|
| 020 |
|
|
|a 978-80-7676-057-8
|q (brožováno)
|
| 035 |
|
|
|a (OCoLC)1263283745
|
| 040 |
|
|
|a BOA001
|b cze
|d ABA001
|e rda
|
| 041 |
0 |
|
|a cze
|b cze
|b eng
|
| 043 |
|
|
|a e-xr---
|
| 072 |
|
7 |
|a 351
|x Úkoly veřejné správy, správní opatření, legislativa
|2 Konspekt
|9 15
|
| 080 |
|
|
|a 343.85
|2 MRF
|
| 080 |
|
|
|a 351.74/.75
|2 MRF
|
| 080 |
|
|
|a (437.3)
|2 MRF
|
| 080 |
|
|
|a (048.8)
|2 MRF
|
| 100 |
1 |
|
|a Firstová, Jana
|7 ola2013765900
|4 aut
|
| 245 |
1 |
0 |
|a Prevence kriminality - nedílná součást systému vnitřní bezpečnosti /
|c Jana Firstová, David Zámek
|
| 250 |
|
|
|a Vydání první
|
| 264 |
|
1 |
|a Praha :
|b Wolters Kluwer,
|c 2021
|
| 300 |
|
|
|a xi, 189 stran ;
|c 24 cm
|
| 336 |
|
|
|a text
|b txt
|2 rdacontent
|
| 337 |
|
|
|a bez média
|b n
|2 rdamedia
|
| 338 |
|
|
|a svazek
|b nc
|2 rdacarrier
|
| 490 |
1 |
|
|a Právní monografie
|
| 500 |
|
|
|a "Právní stav publikace je k 1.3.2021"--Rub titulní stránky
|
| 504 |
|
|
|a Obsahuje bibliografii, bibliografické odkazy a rejstřík
|
| 546 |
|
|
|a České a anglické resumé
|
| 650 |
0 |
7 |
|a prevence kriminality
|7 ph124596
|z Česko
|2 czenas
|
| 650 |
0 |
7 |
|a vnitřní bezpečnost
|7 ph116711
|z Česko
|2 czenas
|
| 650 |
0 |
9 |
|a crime prevention
|z Czechia
|2 eczenas
|
| 650 |
0 |
9 |
|a internal security
|z Czechia
|2 eczenas
|
| 655 |
|
7 |
|a monografie
|7 fd132842
|2 czenas
|
| 655 |
|
9 |
|a monographs
|2 eczenas
|
| 700 |
1 |
|
|a Zámek, David,
|d 1975-
|7 jx20070625028
|4 aut
|
| 830 |
|
0 |
|a Právní monografie (Wolters Kluwer ČR)
|0 s
|
| 910 |
2 |
|
|a BOA001
|b 2-1464.743
|
| 990 |
|
|
|a BK
|
| 995 |
|
|
|a 01
|
| 991 |
|
|
|b 202106
|c NOV
|
| 996 |
6 |
|
|b 2610865751
|c 2-1464.743
|l MZK
|r Sklad / do 1 hodiny
|n 8
|p p.v.
|w 001852325
|u 000010
|a 1
|e BOA001
|j MZK50
|s P
|
| 996 |
6 |
|
|b 2610874330
|c 2-1464.743
|l MZK
|r HSS 4p
|n 0
|p kup
|h 35 FIR
|w 001852325
|u 000020
|a 0
|e BOA001
|j MZK50
|s P
|
| 996 |
7 |
|
|b 2610874331
|c 2-1464.743
|l Vol.výběr
|r VV 0p
|n 11
|p kup
|h 35 FIR
|w 001852325
|u 000030
|a 0
|e BOA001
|j MZK50
|s A
|